El Gobierno de facto de 1948-1949 /
Đã lưu trong:
| Tác giả chính: | |
|---|---|
| Định dạng: | Luận văn |
| Được phát hành: |
San José:
Universidad de Costa Rica
|
| Các nhãn: |
Thêm thẻ
Không có thẻ, Là người đầu tiên thẻ bản ghi này!
|
MARC
| LEADER | 00000 a a2200000 04500 | ||
|---|---|---|---|
| 001 | 20799 | ||
| 003 | |||
| 040 | |||
| 090 | |a 08883.00 | ||
| 100 | |a Chavarría López, Mayra | ||
| 245 | |a El Gobierno de facto de 1948-1949 / |c Mayra Chavarría López | ||
| 260 | |a San José: |b Universidad de Costa Rica | ||
| 300 | |a 204 páginas | ||
| 502 | |a Tesis (Licenciada en Historia) -- Universidad de Costa Rica. Facultad de Ciencias y Letras, 1973 | ||
| 999 | |c 18098 |d 18098 | ||
